000 00837nam a2200253Ia 4500
001 19889
003 GE_BSU
008 181216s||||||||xx |||||||||||||| ||und||
020 _a523800359
040 _cGE_BSU
080 _a316.77(075.8)
100 _aГрушевицкая, Т.Г. Попков,В.Д. Садохин,А.Н.
245 _aОсновы межкультурной коммуникации=Basics of Intercultural communication
245 _bУчебник для вузов
260 _aМосква
260 _bЮНИТИ
260 _c2002
300 _a352 стр.20см.
300 _eБиблиогр. стр.341
541 _h10л.
653 _aОсновы межкультурной коммуникации=Basics of Intercultural communication
653 _aСоциология
942 _cBK
999 _c52859
_d52859